MARC

LEADER 00000nam0a2200000 4500
001 246817
005 20231101232237.0
035 |a (RuTPU)RU\TPU\book\268284 
090 |a 246817 
100 |a 20131210d1960 k y0rusy50 ca 
101 0 |a rus 
102 |a UA 
105 |a a z 001zb 
200 1 |a Избранные труды  |f П. П. Будников  |g Академия наук Украинской ССР (АН УССР) 
210 |a Киев  |c Изд-во АН УССР  |d 1960 
215 |a 576 с.  |c ил. 
320 |a Библиогр. в конце ст. 
320 |a Список опубликованных работ: с. 560-569. 
320 |a Литература: с. 570-571. 
320 |a Именной указатель: с. 572. 
600 1 |a Будников  |b П. П.  |c химик-неорганик  |f 1885-1968  |g Петр Петрович  |2 stltpush  |3 (RuTPU)RU\TPU\pers\31645 
606 1 |a Химия  |2 stltpush  |3 (RuTPU)RU\TPU\subj\17362  |9 43035 
610 1 |a жизнь 
610 1 |a научная деятельность 
610 1 |a персоналии 
610 1 |a биографии 
610 1 |a физическая химия 
610 1 |a вяжущие вещества 
610 1 |a технология 
610 1 |a исследования 
610 1 |a строительные материалы 
610 1 |a гипсовые материалы 
610 1 |a доменные шлаки 
610 1 |a огнеупоры 
610 1 |a керамика 
675 |a 54  |v 3 
700 1 |a Будников  |b П. П.  |c химик-неорганик  |f 1885-1968  |g Петр Петрович  |2 stltpush  |3 (RuTPU)RU\TPU\pers\31645  |4 070 
712 0 2 |a Академия наук Украинской ССР (АН УССР)  |c (1936-1991)  |2 stltpush  |3 (RuTPU)RU\TPU\col\332 
801 1 |a RU  |b 63413507  |c 20131210 
801 2 |a RU  |b 63413507  |c 20131217  |g RCR 
942 |c BK